| 000 | 01536cam a2200337 a 4500 | ||
|---|---|---|---|
| 001 | 768714001 | ||
| 003 | CO-MdFUSB | ||
| 005 | 20250521083147.0 | ||
| 008 | 001121s2001 njua b 001 0 eng | ||
| 010 | _a00066938 | ||
| 020 | _a0875521703 (pbk : prebound) | ||
| 040 |
_aDLC _cCO-MdFUSB _dUtOrBLW _bspa _erda |
||
| 041 | _aeng | ||
| 082 |
_224 _a248.4 _bD696 |
||
| 100 | 1 |
_aDoriani, Daniel M., _d1953- _eautor |
|
| 245 | 1 | 0 |
_aPutting the truth to work : _bthe theory and practice of biblical application / _cDaniel M. Doriani. |
| 264 | 1 |
_aPhillipsburg, N.J. : _bP & R Pub., _c[2001] |
|
| 264 | 4 | _c©2001 | |
| 300 |
_a342 páginas. : _bilustraciones ; _c23 cm. |
||
| 336 |
_2rdacontent _atexto _btxt |
||
| 337 |
_2rdamedia _asin mediación _bn |
||
| 338 |
_2rdacarrier _avolumen _bnc |
||
| 504 | _aIncluye referencias bibliográficas e índices | ||
| 505 | _aPrefacio -- Introducción -- La naturaleza de la aplicación -- Dios. Centro de la aplicación -- La interpretación -- El séptimo recurso bíblico para la aplicación -- el cuarto aspecto de aplicación -- Un plan para la aplicación narrativa -- Asuntos en aplicación de textos narrativos -- Plan para la aplicación doctrinal -- Plan para la aplicación de textos éticos -- Asuntos en la aplicación de textos éticos -- Cristo. Centro de la aplicación -- Seleccionando un texto. | ||
| 563 | _aRústico | ||
| 650 | 7 |
_aVida cristiana _xEnseñanzas _9436 |
|
| 650 | 0 |
_aBiblia _vUsos _916 |
|
| 942 | _cBK | ||
| 945 | _aElías Tolentino | ||
| 999 |
_c63921 _d63921 |
||